| 000 | 01300nam a22002897a 4500 | ||
|---|---|---|---|
| 003 | URS | ||
| 005 | 20250820130836.0 | ||
| 008 | 25 | ||
| 020 | _a978-0-323-80981-8 | ||
| 040 |
_bEnglish _cURS _erda |
||
| 050 | 0 | 0 |
_aRT120.15 _b.P958 2024 |
| 245 | 0 | 0 |
_aPriorities in critical care nursing / _cLinda D. Urden..[and three others]. |
| 250 | _aNinth edition. | ||
| 264 | 1 |
_aSingapore : _bElsevier, _c©2024. |
|
| 300 |
_axiii, 635pages : _billustrations ; _c28 cm. |
||
| 336 |
_atext _2rdacontent |
||
| 337 |
_aunmediated _2rdamedia |
||
| 338 |
_avolume _2rdacarrier |
||
| 500 | _aIncludes appendix and index. | ||
| 505 | 0 | _aCritical care basics / Wendeline J. Grbach -- Holistic care issues / Anna Jarrett -- Neurologic system / Ellie Z. Franges -- Cardiovascular system / Kathryn l. Kay -- Respiratory system / Elizabeth Moots -- Gastrointestinal system / Wendeline J. Grbach -- Renal system / Jodi l. Gunther -- Endocrine system / Margaret J. Malone -- Hematologic and immune systems / Maurice Espinoza -- Multisystem issues / Susan M. Raymond. | |
| 650 | 0 |
_aCritical care nursing. _95957 |
|
| 700 |
_aUrden,Linda D., _eauthor. _96374 |
||
| 700 |
_aStacy, Kathleen M., _eauthor. _96375 |
||
| 700 |
_aLough, Mary E., _eauthor. _96376 |
||
| 700 |
_aSanchez, Kimberly, _eeditor. _96377 |
||
| 942 |
_2lcc _cR |
||
| 999 |
_c84478 _d84476 |
||